Vplyv Metationu E-50 na zmeny dusíkatého metabolizmu lucerny

Bibliographic Details
Main Authors: Jendželovský, Jozef (Author), Adam, Jozef, 1967- (Author), Grega, Bartolomej (Author)
Format: Article
Language:Slovak

MARC

LEADER 00000nab a2200000uu 4500
001 vtls011455172
003 SK-MaSNL
005 20260303113435.0
008 230121|1973 xo |||||||||||||||||slo|
015 |a SNBRB 
035 |a (urnnbn)urn:nbn:sk:snk:ar-008ls2 
035 |a (uuid)b9263575-1ffa-4778-bcdb-350681f40f09 
035 |a urn:nbn:sk:snk-abcqa3 
040 |a SNKBUCL  |b slo  |c SNKBUCL  |e AACR2 
041 0 |a slo 
044 |a xo  |c SK 
100 1 |a Jendželovský, Jozef  |4 aut  |9 7624 
245 1 0 |a Vplyv Metationu E-50 na zmeny dusíkatého metabolizmu lucerny  |c Jozef Jendželovský, Bartolomej Grega, Jozef Adam 
700 1 |a Adam, Jozef,  |d 1967-  |4 aut  |9 310900 
700 1 |a Grega, Bartolomej  |4 aut  |9 587615 
773 0 |t Agrochémia : časopis pre chemizáciu poľnohospodárstva  |g Roč. 13, č. 9 (1973), s. 260-263 
958 |a OND 
958 |a EUIPO 
958 |a article16 
999 |c 1892613  |d 1894543